| 000 | 00703nam a2200277Ia 4500 | ||
|---|---|---|---|
| 008 | 171025s9999 xx 000 0 und d | ||
| 050 | _a248.83 | ||
| 050 | _bQ5 2011 | ||
| 245 | _aQuestions young people ask : | ||
| 245 | _banswered that work / | ||
| 260 | _aNew York : | ||
| 260 | _bWatchtower Bible and Tact Society of New York, Inc., | ||
| 260 | _c2011 | ||
| 300 | _a318 pages : | ||
| 300 | _bcolored illustrations ; | ||
| 300 | _c16cm. | ||
| 440 | _aVol. | ||
| 440 | _v1 | ||
| 650 | _aChristian life -- | ||
| 650 | _aTeenagers -- | ||
| 650 | _aTeenagers -- | ||
| 650 | _xConduct of life. | ||
| 650 | _xJuvenile literature. | ||
| 650 | _xReligious life. | ||
| 700 | _aTitle. | ||
| 999 |
_c344925 _d344925 |
||